<?xml version="1.0" encoding="UTF-8"?><?xml-stylesheet type="text/xsl" href="static/style.xsl"?><OAI-PMH xmlns="http://www.openarchives.org/OAI/2.0/" xmlns:xsi="http://www.w3.org/2001/XMLSchema-instance" xsi:schemaLocation="http://www.openarchives.org/OAI/2.0/ http://www.openarchives.org/OAI/2.0/OAI-PMH.xsd"><responseDate>2026-04-13T06:50:40Z</responseDate><request verb="GetRecord" identifier="oai:www.recercat.cat:20.500.14342/2083" metadataPrefix="marc">https://recercat.cat/oai/request</request><GetRecord><record><header><identifier>oai:recercat.cat:20.500.14342/2083</identifier><datestamp>2025-03-11T20:18:37Z</datestamp><setSpec>com_2072_482405</setSpec><setSpec>com_2072_183628</setSpec><setSpec>col_2072_482411</setSpec></header><metadata><record xmlns="http://www.loc.gov/MARC21/slim" xmlns:dcterms="http://purl.org/dc/terms/" xmlns:xsi="http://www.w3.org/2001/XMLSchema-instance" xmlns:doc="http://www.lyncode.com/xoai" xsi:schemaLocation="http://www.loc.gov/MARC21/slim http://www.loc.gov/standards/marcxml/schema/MARC21slim.xsd">
   <leader>00925njm 22002777a 4500</leader>
   <datafield ind2=" " ind1=" " tag="042">
      <subfield code="a">dc</subfield>
   </datafield>
   <datafield ind2=" " ind1=" " tag="720">
      <subfield code="a">Chaves, Antonio</subfield>
      <subfield code="e">author</subfield>
   </datafield>
   <datafield ind2=" " ind1=" " tag="720">
      <subfield code="a">Segura Bernal, Jordi</subfield>
      <subfield code="e">author</subfield>
   </datafield>
   <datafield ind2=" " ind1=" " tag="720">
      <subfield code="a">Andrés Blanch, Tomàs</subfield>
      <subfield code="e">author</subfield>
   </datafield>
   <datafield ind2=" " ind1=" " tag="260">
      <subfield code="c">2012</subfield>
   </datafield>
   <datafield ind2=" " ind1=" " tag="520">
      <subfield code="a">El present treball, implementat durant els dos primers cursos de Grau de Psicologia en dos semestres consecutius, es focalitza en l’aplicació de diferents tècniques participatives, al voltant de la competència de treball en equip que figura en el pla docent dels mòduls d’ambdós cursos, i en la ubicació de l’espai docent, que anomenarem grup mitjà (petit grup en els plans d’estudis).
Concretament, l’activitat del primer curs s’ha desenvolupat dins la matèria Psicologia Social i la de segon curs dins la matèria Psicologia dels Grups. El treball s’ha centrat tant en aspectes metodològics com en aspectes d’autoavaluació i heteroavaluació de les persones participants en els equips de treball formats en el grup mitjà. S’han analitzat competències relacionals procedents del model de Chaves (2007). La comprensió de l’activitat per part dels alumnes i la reflexió com a forma d’aprenentatge i millora del rendiment han estat cabdals en el procés.
La coincidència en les valoracions de l’autoavaluació i de l’heteroavaluació, tant en el primer curs com en el segon curs, ens permet donar crèdit a l’evolució favorable experimentada en una gran part de les dimensions competencials estudiades al llarg dels dos semestres. Aquests resultats podran ser confirmats empíricament amb la recerca, encara en curs, que compara aquest grup focal (els mateixos subjectes de primer i segon curs de grau de Psicologia) amb un grup control de tercer curs de la llicenciatura de Psicologia.</subfield>
   </datafield>
   <datafield ind1="8" ind2=" " tag="024">
      <subfield code="a">http://hdl.handle.net/20.500.14342/2083</subfield>
   </datafield>
   <datafield tag="653" ind2=" " ind1=" ">
      <subfield code="a">Psicologia -- Ensenyament universitari</subfield>
   </datafield>
   <datafield tag="653" ind2=" " ind1=" ">
      <subfield code="a">Ensenyament -- Treball en equip</subfield>
   </datafield>
   <datafield tag="653" ind2=" " ind1=" ">
      <subfield code="a">Competències bàsiques -- Ensenyament universitari</subfield>
   </datafield>
   <datafield tag="653" ind2=" " ind1=" ">
      <subfield code="a">Aprenentatge</subfield>
   </datafield>
   <datafield ind2="0" ind1="0" tag="245">
      <subfield code="a">Aplicació i avaluació d'activitats de grup per desenvolupar competències d'ensenyament-aprenentatge en un escenari de grup mitjà</subfield>
   </datafield>
</record></metadata></record></GetRecord></OAI-PMH>